000 00851nam a22002297a 4500
999 _c4551
_d4551
003 AR-CdUCM
008 190311b ||||| |||| 00| 0 spa d
040 _aMUNICIPALIDAD PROVINCIAL DEL CUSCO
_cBIBLIOTECA MUNICIPAL DEL CUSCO
082 _a860.41 /
_bL22
100 _aLamana, Manuel
_914235
245 _aExistencialismo y Literatura /
260 _aBuenos Aires :
_bCentro editor de América Latina,
_c1967.
300 _a62 páginas ;
_c18 cm.
500 _aDonación de la familia de Luis Nieto
505 _aContenido: Situación histórico literaria -- Definición del existencialismo -- El mundo absurdo -- La rebelión. Búsqueda de la libertad -- Elección y compromiso...
650 _aEscritura
_94757
650 _aLiteratura
_9416
650 _aLibertad
_92892
650 _aAbsurdo
_914236
942 _2ddc
_cLIBROS
945 _adavv